<?xml version="1.0" encoding="UTF-8"?>
<record
    xmlns:xsi="http://www.w3.org/2001/XMLSchema-instance"
    xsi:schemaLocation="http://www.loc.gov/MARC21/slim http://www.loc.gov/standards/marcxml/schema/MARC21slim.xsd"
    xmlns="http://www.loc.gov/MARC21/slim">

  <leader>01567cam a2200229   4500500</leader>
  <controlfield tag="005">20251228065648.0</controlfield>
  <datafield tag="041" ind1=" " ind2=" ">
    <subfield code="a">fre</subfield>
  </datafield>
  <datafield tag="042" ind1=" " ind2=" ">
    <subfield code="a">dc</subfield>
  </datafield>
  <datafield tag="100" ind1="1" ind2="0">
    <subfield code="a">Bachelart, Maximilien</subfield>
    <subfield code="e">author</subfield>
  </datafield>
  <datafield tag="245" ind1="0" ind2="0">
    <subfield code="a">La privatisation et la s&#xE9;curisation de la protection de l&#x2019;enfance&#xA0;: une fiction pas si fictive</subfield>
  </datafield>
  <datafield tag="260" ind1=" " ind2=" ">
    <subfield code="c">2023.
							</subfield>
  </datafield>
  <datafield tag="500" ind1=" " ind2=" ">
    <subfield code="a">94</subfield>
  </datafield>
  <datafield tag="520" ind1=" " ind2=" ">
    <subfield code="a">Ceci est une fiction&#x2026; &#xE0; cela pr&#xE8;s qu&#x2019;elle pourrait para&#xEE;tre de plus en plus r&#xE9;elle &#xE0; mesure que les mois passent.Cet &#xE9;change nous plonge dans une prospective du pays &#xE0; propos de la protection de l&#x2019;enfance. Nous y trouvons les positionnements d&#x2019;un gouvernement en prise avec la violence, l&#x2019;incursion du principe de rentabilit&#xE9; &#xE9;conomique et un chemin qui a pu para&#xEE;tre finalement &#xE9;vident aux yeux des professionnels. Comme on dit, le probl&#xE8;me n&#x2019;est pas forc&#xE9;ment dans les difficult&#xE9;s les plus apparentes, mais souvent dans sa d&#xE9;finition m&#xEA;me. Face &#xE0; tant de probl&#xE8;mes historiques accumul&#xE9;s, l&#x2019;heure n&#x2019;&#xE9;tait plus aux constats que les sp&#xE9;cialistes dressent perp&#xE9;tuellement, comme si le temps avait pouss&#xE9; les acteurs &#xE0; ne plus avoir le choix que d&#x2019;agir dans une seule direction.</subfield>
  </datafield>
  <datafield tag="690" ind1=" " ind2=" ">
    <subfield code="a">Externalisation</subfield>
  </datafield>
  <datafield tag="690" ind1=" " ind2=" ">
    <subfield code="a">finance</subfield>
  </datafield>
  <datafield tag="690" ind1=" " ind2=" ">
    <subfield code="a">politique</subfield>
  </datafield>
  <datafield tag="690" ind1=" " ind2=" ">
    <subfield code="a">privatisation</subfield>
  </datafield>
  <datafield tag="690" ind1=" " ind2=" ">
    <subfield code="a">protection de l&#x2019;enfance</subfield>
  </datafield>
  <datafield tag="690" ind1=" " ind2=" ">
    <subfield code="a">s&#xE9;curisation</subfield>
  </datafield>
  <datafield tag="786" ind1="0" ind2=" ">
    <subfield code="n">VST - Vie sociale et traitements | 157 | 1 | 2023-02-21 | p. 99-105 | 0396-8669</subfield>
  </datafield>
  <datafield tag="856" ind1="4" ind2="1">
    <subfield code="u">https://shs.cairn.info/revue-vie-sociale-et-traitements-2023-1-page-99?lang=fr&amp;redirect-ssocas=7080</subfield>
  </datafield>
  <datafield tag="999" ind1=" " ind2=" ">
    <subfield code="c">1592021</subfield>
    <subfield code="d">1592021</subfield>
  </datafield>
</record>
